书目信息 |
| 题名: |
高等代数简明教程
|
|
| 作者: | 蓝以中 编著 | |
| 分册: | 下册 | |
| 出版信息: | 北京 北京大学出版社 2002.08 |
|
| 页数: | 278页 | |
| 开本: | 21cm | |
| 丛书名: | 北京大学数学教学系列丛书 | |
| 单 册: | ||
| 中图分类: | O15 | |
| 科图分类: | ||
| 主题词: | 线性代数--xian xing dai shu--高等学校--教材 , 高等代数--gao deng dai shu--高等学校--教材 | |
| 电子资源: | ||
| ISBN: | 7-301-05579-X | |
| 000 | 01067nam 2200277 450 | |
| 001 | 012007390609 | |
| 005 | 20071201092733.26 | |
| 010 | @a7-301-05579-X@dCNY13.50 | |
| 100 | @a20071130d2002 km y0chi0120 ea | |
| 101 | 0 | @achi |
| 102 | @aCN@b110000 | |
| 105 | @ay z 000yy | |
| 106 | @ar | |
| 200 | 1 | @a高等代数简明教程@Agao deng dai shu jian ming jiao cheng@h下册@f蓝以中编著@Flan yi zhong bian zhu |
| 210 | @a北京@c北京大学出版社@d2002.08 | |
| 215 | @a278页@d21cm | |
| 225 | 2 | @a北京大学数学教学系列丛书@Abei jing da xue shu xue jiao xue xi lie cong shu |
| 300 | @a普通高等教育“十五”国家级规划教材本科生数学基础课教材 | |
| 330 | @a本书是综合大学、高等师范院校数学系本科生高等代数课程教材。内容包括:带度量的线性空间;线性变换的Jordan标准形;有理整数环。 | |
| 410 | 0 | @12001 @a北京大学数学教学系列丛书 |
| 606 | 0 | @a线性代数@Axian xing dai shu@x高等学校@j教材 |
| 606 | 0 | @a高等代数@Agao deng dai shu@x高等学校@j教材 |
| 690 | @aO15@v4 | |
| 701 | 0 | @a蓝以中@Alan yi zhong@4编著 |
| 801 | 0 | @aCN@bQSSK@c20071201 |
| 905 | @b269304-06@dO15@eL046:2@f3 | |
| 高等代数简明教程.下册/蓝以中编著.-北京:北京大学出版社,2002.08 |
| 278页;21cm.-(北京大学数学教学系列丛书) |
| 普通高等教育“十五”国家级规划教材本科生数学基础课教材 |
| ISBN 7-301-05579-X:CNY13.50 |
| 本书是综合大学、高等师范院校数学系本科生高等代数课程教材。内容包括:带度量的线性空间;线性变换的Jordan标准形;有理整数环。 |
| ● |
| 相关链接 |
|
|
|
正题名:高等代数简明教程
索取号:O15/L046:2
 
预约/预借
| 序号 | 登录号 | 条形码 | 馆藏地/架位号 | 状态 | 备注 |
| 1 | 269304 | 202693040 | 自科库401/401自科库 40排5列1层/ [索取号:O15/L046:2] | 在馆 | |
| 2 | 269305 | 202693059 | 期刊室512/401自科库 40排5列1层/ [索取号:O15/L046:2] | 在馆 | |
| 3 | 269306 | 202693068 | 自科库401/401自科库 40排5列1层/ [索取号:O15/L046:2] | 在馆 |